| 000 | 00627pam a2200217 a 4500 | ||
|---|---|---|---|
| 001 | 3717304 | ||
| 005 | 20180116032952.0 | ||
| 008 | 800805s1981 nyu b 001 0 eng | ||
| 010 | _a 80021160 | ||
| 020 | _a0070727430 | ||
| 040 |
_aDLC _cDLC _dDLC |
||
| 041 | _aeng | ||
| 080 | _a658.4038 ZAN | ||
| 082 | 0 | 0 |
_a658.4038 ZAN _219 |
| 100 | 1 | _a53 | |
| 101 | _aMEN | ||
| 245 | 1 | 0 |
_aInformation, organization, and power : _cDale E. Zand. |
| 504 | _aIncludes bibliographical references and index. | ||
| 906 |
_a7 _bcbc _corignew _du _eocip _f19 _gy-gencatlg |
||
| 942 |
_2ddc _cBK |
||
| 999 |
_c40329 _d40329 |
||